|
|
|
|
| LEADER |
00000cam a2200000 a 4500 |
| 001 |
vtls008318316 |
| 003 |
SK-MaSNL |
| 005 |
20260301100510.0 |
| 008 |
200316s1957 xo rf 001 0 slo |
| 015 |
|
|
|a SNBA1957/05-00732
|
| 020 |
|
|
|q (viazané)
|
| 035 |
|
|
|a SK01SNK19570010533
|
| 035 |
|
|
|a urn:nbn:sk:snk-am3i3rp
|
| 035 |
|
|
|a C3514F42-88AF-4EA1-985F-F5503F315DF6
|
| 035 |
|
|
|a urn:nbn:sk:snk-am00diwa
|
| 035 |
|
|
|a SKM000012996
|
| 040 |
|
|
|a SNK
|b slo
|c SNK
|e AACR2
|
| 041 |
0 |
|
|a slo
|
| 044 |
|
|
|a xo
|c SK
|
| 080 |
|
|
|a 808.54:80
|2 1981
|
| 080 |
|
|
|a 80
|2 1981
|
| 245 |
0 |
0 |
|a Jazyková poradňa
|n [1.]
|c autori: F. Buffa, L. Dvonč, V. Dujčíková, A. Habovštiak, K. Habovštiaková, M. Hayeková, G. Horák, J. Horecký, L. Jakubčíková, I. Kotulič, E. Kučerová, O. Malíková, M. Marsinová, J. Mihál, J. Oravec, E. Pauliny, Š. Peciar, J. Ružička, E. Sekaninová, R. Schnek, E. Smiešková, M. Šalingová, J. Štolc, M. Urbančok
|
| 250 |
|
|
|a 1. vydanie
|
| 260 |
|
|
|a Bratislava
|b Slovenské pedagogické nakladateľstvo
|c 1957
|e Trnava
|f Polygrafické závody
|
| 300 |
|
|
|a 273, [7] s.
|c 8°
|
| 366 |
|
|
|e 5000 kusov
|
| 500 |
|
|
|a Poznámky
|
| 504 |
|
|
|a Register
|
| 650 |
0 |
7 |
|a slovenčina
|2 SNKPH
|9 1350
|
| 650 |
0 |
7 |
|a lingvistika
|2 SNKPH
|9 860
|
| 655 |
|
7 |
|a príručky
|2 SNKPH
|9 74364
|
| 655 |
|
7 |
|a výklady
|2 SNKPH
|9 29178
|
| 700 |
1 |
|
|a Buffa, Ferdinand,
|d 1926-2012
|4 aut
|9 99943
|
| 700 |
1 |
|
|a Dvonč, Ladislav,
|d 1926-2003
|4 aut
|9 101854
|
| 700 |
1 |
|
|a Slivková, Viera,
|d 1926-2005
|4 aut
|9 203825
|
| 700 |
1 |
|
|a Habovštiak, Anton,
|d 1924-2004
|4 aut
|9 92747
|
| 700 |
1 |
|
|a Habovštiaková, Katarína,
|d 1929-2016
|4 aut
|9 104315
|
| 700 |
1 |
|
|a Hayeková, Matilda,
|d 1922-2009
|4 aut
|9 220065
|
| 700 |
1 |
|
|a Horák, Gejza,
|d 1919-2003
|4 aut
|9 104508
|
| 700 |
1 |
|
|a Horecký, Ján,
|d 1920-2006
|4 aut
|9 105131
|
| 700 |
1 |
|
|a Jakubčíková, L.
|4 aut
|9 433353
|
| 700 |
1 |
|
|a Kotulič, Izidor,
|d 1927-2012
|4 aut
|9 104520
|
| 700 |
1 |
|
|a Kučerová, Eleonóra,
|d 1928-1987
|4 aut
|9 37053
|
| 700 |
1 |
|
|a Malíková, O.
|4 aut
|9 422886
|
| 700 |
1 |
|
|a Marsinová, Marta,
|d 1922-2010
|4 aut
|9 27376
|
| 700 |
1 |
|
|a Mihál, Ján,
|d 1891-1969
|4 aut
|9 98337
|
| 700 |
1 |
|
|a Oravec, Ján,
|d 1922-1986
|4 aut
|9 106656
|
| 700 |
1 |
|
|a Pauliny, Eugen,
|d 1912-1983
|4 aut
|9 101485
|
| 700 |
1 |
|
|a Peciar, Štefan,
|d 1912-1989
|4 aut
|9 101102
|
| 700 |
1 |
|
|a Ružička, Jozef,
|d 1916-1989
|4 aut
|9 86113
|
| 700 |
1 |
|
|a Sekaninová, Ella,
|d 1926-2007
|4 aut
|9 106780
|
| 700 |
1 |
|
|a Schnek, Richard,
|d 1923-1998
|4 aut
|9 107047
|
| 700 |
1 |
|
|a Smiešková, Elena,
|d 1919-2006
|4 aut
|9 211520
|
| 700 |
1 |
|
|a Ivanová-Šalingová, Mária,
|d 1923-2016
|4 aut
|9 103839
|
| 700 |
1 |
|
|a Štolc, Jozef,
|d 1908-1981
|4 aut
|9 106873
|
| 700 |
1 |
|
|a Urbančok, Milan,
|d 1928-1981
|4 aut
|
| 958 |
|
|
|a TL
|
| 958 |
|
|
|a RK
|
| 958 |
|
|
|a NB
|
| 999 |
|
|
|c 686502
|d 688432
|
| 952 |
|
|
|a SNK
|b SNK
|y PREZ
|7 0
|p 17A0819586
|o snkSC 9699/1
|i snkKSP 983/57
|0 0
|1 0
|4 0
|d 2019-09-12
|f 1
|l 0
|r 2025-07-09 00:00:00
|w 2026-02-23
|